000 00251nam a22001097a 4500
999 _c261067
_d261066
020 _a9781338087864
100 _aEdizoni Piemme
245 _aThea Stilton and the Frozen Fiasco
260 _aNew York
_bScholastic
_c2015
300 _a162
942 _cBK